00510nam a2200169Ia 450000500170000000800410001704000190005804100120007708200110008910000230010024501000012326000330022330000120025665000230026870000390029185000100033020220601143849.0131103s9999 xx 000 0 und d aLoreto College aEnglish aFbKIR aKirst,Hans Hellmut 4aThe night of the generalscHans Hellmut Kirst;translated from the German by J.Maxwell Brownjohn aNew YorkbBantam Booksc1962 a311 p.  aFiction in English aBrownjohn;J.Marwell J.;translated. aLCLIB